banner koha

Compartimentação geomorfológica da bacia hidrográfica do rio Buriti Vermelho, Distrito Federal, DF (Registro n. 297278)

MARC details
000 -LÍDER
campo de controle de tamanho fixo 01190nac a22003617a 4500
001 - NÚMERO DE CONTROLE
campo de controle BR2010002755
003 - IDENTIFICADOR DO NÚMERO DE CONTROLE
campo de controle BR-BrBNA
005 - DATA E HORÁRIO DA ÚLTIMA TRANSAÇÃO
campo de controle 20240105123844.0
008 - CAMPO DE DADOS FIXOS--INFORMAÇÃO GERAL
campo de controle de tamanho fixo 230509b bl.|||m| |||| 00| 0 por d
040 ## - FONTE DA CATALOGAÇÃO
Instituição da catalogação original BR-BrBNA
Idioma da catalogação por
Instituição que transcreveu o registro Biblioteca Nacional de Agricultura
072 ## - CÓDIGO DE CATEGORIA DE ASSUNTO
Código de Categoria de Assunto P31
090 ## - NÚMERO DE CHAMADA LOCAL
Número de chamada P31 BR2010002755
100 1# - ENTRADA PRINCIPAL--NOME PESSOAL
Nome pessoal Castro, K.B. de
100 1# - ENTRADA PRINCIPAL--NOME PESSOAL
Nome pessoal Martins, E. de S.
100 1# - ENTRADA PRINCIPAL--NOME PESSOAL
Nome pessoal Reatto, A.
100 1# - ENTRADA PRINCIPAL--NOME PESSOAL
Nome pessoal Lima, L.A. de S.
100 1# - ENTRADA PRINCIPAL--NOME PESSOAL
Nome pessoal Rodrigues, L.N.
100 1# - ENTRADA PRINCIPAL--NOME PESSOAL
Nome pessoal Carvalho Junior, O.A. de
100 1# - ENTRADA PRINCIPAL--NOME PESSOAL
Nome pessoal Borges, M.E.S.
100 1# - ENTRADA PRINCIPAL--NOME PESSOAL
Nome pessoal Souza, V.V. de
100 1# - ENTRADA PRINCIPAL--NOME PESSOAL
Nome pessoal Gomes, M.P.
110 1# - ENTRADA PRINCIPAL--NOME CORPORATIVO
Nome corporativo ou nome da jurisdição EMBRAPA Cerrados, Planaltina, DF (Brasil)
245 1# - TÍTULO
Título Compartimentação geomorfológica da bacia hidrográfica do rio Buriti Vermelho, Distrito Federal, DF
260 3# - PUBLICAÇÃO, DISTRIBUIÇÃO, ETC.
Local de publicação, distribuição, etc. Planaltina, DF (Brasil):
Data da publicação, distribuição, etc. 2009.
300 ## - DESCRIÇÃO FÍSICA
Extensão 23 p.
490 ## - TÍTULO DA SÉRIE
Título da série Boletim de Pesquisa e Desenvolvimento - EMBRAPA Cerrados (Brazil)
Número do volume ou designação sequencial da série no. 244
ISSN - International Standard Serial Number ISSN 1676-918X
500 ## - NOTA GERAL
Nota geral Summaries (En, Pt); 14 ref.; 7 illus.
650 ## - ASSUNTO--TERMO TÓPICO
Cabeçalho tópico ou nome geográfico BACIA HIDROGRÁFICA
650 ## - ASSUNTO--TERMO TÓPICO
Cabeçalho tópico ou nome geográfico GEOMORFOLOGIA DO SOLO
650 ## - ASSUNTO--TERMO TÓPICO
Cabeçalho tópico ou nome geográfico DISTRITO FEDERAL
909 ## -
-- 202312
-- Lúcia Elande
-- 55
-- Lúcia Elande
942 ## - ELEMENTOS DE ENTRADA ADICIONADOS (KOHA)
Fonte da classificação ou esquema de arquivamento na estante Classificação AGRIS
Ocultar no OPAC Não
Tipo de material Koha Monografia Seriada
Exemplares
Situação do descarte Fonte da classificação ou esquema de arquivamento na estante Situação física Não pode ser emprestado Coleção Biblioteca de origem Biblioteca atual Localização na estante Total de empréstimos Número de telefone completo Código de barras Data de último acesso Tipo de material Koha Fonte de aquisição
  Classificação AGRIS       Biblioteca Nacional de Agricultura - Binagri Biblioteca Nacional de Agricultura - Binagri Agrobase - Acervo Geral   P31 BR2010002755 P31 BR2010002755 18/12/2023 Monografia Seriada Portaria Interministerial nº 164/94

BINAGRI

Telefone: (61)3218-2567/2388/3357/2097 - binagri@agro.gov.br

Ministério da Agricultura e Pecuária , Esplanada dos Ministérios, Bloco D, Anexo B, Brasília/DF, CEP: 70.043-900